Hawaiian Volcanoes - Statistics

General Stats
  • This quiz has been taken 10 times
  • The average score is 5 of 18
Answer Stats
Island Volcano Last Eruption/Status % Correct
Big Island Mauna Kea 4460 BC/Dormant
100%
Big Island Mauna Loa 2022/Active
100%
Big Island Kīlauea 2026 (ongoing)/Active
63%
Moloka'i East Moloka'i 1.3 MYA/Extinct
38%
Maui Haleakalā 1480-1600 CE/Active
38%
Big Island Hualālai 1800-1801/Active
38%
Big Island Kohala 120,000 YRS/Extinct
38%
Moloka'i West Moloka'i 1.76 MYA/Extinct
38%
O'ahu Diamond Head 150-200,000 YRS/Extinct
25%
O'ahu Ka'ena Volcano >2 MYA/Extinct
0%
Next Island Kamaʻehuakanaloa Seamount 1996/Active
0%
O'ahu Ko'olau Range <32,000 YRS/Dormant?
0%
Kaho'olawe Lua Makika 1 MYA/Extinct
0%
Maui Mauna Kahālāwai 300,000 YRS/Dormant
0%
Lāna'i Mount Lānaʻihale 1.2 MYA/Extinct
0%
Ni'ihau Mount Pānīʻau 350,000 YRS/Extinct
0%
Kaua'i Mount Wai'ale'ale 1.41 MYA/Extinct
0%
O'ahu Wai'anae Range Around 2.5 MYA/Extinct
0%
No matching quizzes found
Score Distribution
Percent of People with Each Score
Percentile by Number Answered
Your Score History
You have not taken this quiz